000 01071na a2200313 4500
001 16894
003 MIRAKIL
005 20181213155233.0
008 161020b tu 000 0
035 _a16894
040 _aMilas
_btur
_cTR-AnCHP
041 _atur
082 _a340.561
_bH84h 2005
090 _a340.561 H84h 2005
110 _aHukukçular Derneği
245 _aHukuk dünyası
_bNisan-Mayıs-Haziran 2005
_cHukukçular Derneği ; editör Cahit Özkan
260 _aİstanbul
_bHukukçular Derneği
_c2005
300 _a255 s.
_c23 sm.
310 _a3 Aylık
_bNisan-Mayıs-Haziran 2005
362 _aYıl 15, Dönem 2
500 _aHukukçular Derneği yayın organıdır.
650 _aTicaret hukuku
_ySüreli yayınlar
_zTürkiye
650 _aMülteci hukuku
_ySüreli yayınlar
_zTürkiye
650 _aCeza hukuku
_xTürk Ceza Kanunu (TCK)
_ySüreli yayınlar
650 _aUluslararası hukuk
_xAvrupa Birliği
_ySüreli yayınlar
_zTürkiye
650 _aHukuk
_ySüreli yayınlar
_zTürkiye
700 _aÖzkan, Cahit
942 _2ddc
_cBKS
999 _c9042
_d9042